MDQL
is popping MORE tags! Check the
thread
!
Quizzes
Events
Quiz Creation
Community
Videos
Private Events
Remove Ads
Sign In
Join for FREE
Feedback
Dark Mode
Quiz Categories
Sports
Geography
Music
Movies
Television
Just For Fun
Miscellaneous
History
Literature
Language
Science
Gaming
Entertainment
Religion
Holiday
For Kids
Quiz Lab
Recent
Popular Today
Quiz Kudos Today
Editor Picks
Curator Picks
Quizzes by...
Day
Popularity
Type
Ratings
Length
Year
Community
Subscriptions
Recent Discussions
Orange Saloon
Badges
Playlists
Quests
Create
Leaderboards
Showdown
Live 5
Trivia Bingo
Activity
Puzzle Library
Sporcle Events
Private Events
Virtual Trivia
Globe League
Become a Host
Pub Owners
SporcleCon
Opinionation
Our Games
Videos
Blog
Mobile Apps
Partnerships
Remove Ads and Go Orange
Feedback
Gaming
Video Games
Board Games
Card Games
Pokémon
Mario
Nintendo
Minecraft
Console
Toys
Legend of Zelda
Gaming
Video Games
Board Games
Card Games
Pokémon
Mario
Nintendo
Minecraft
Console
Toys
Legend of Zelda
Random Quiz
Search Sporcle
×
Quiz Lab
Quiz Lab
Gaming
Mario Kart
Type in answers that appear in a list
Type in answers that appear in a list
Classic
Best Score? Go Orange.
Jede Mario Kart-Strecke Stats
Kannst du jede Mario Kart-Strecke aufzählen (inklusive Kampfarenen)?
By
alexanderstreube
20m
180 Questions
74 Plays
74 Plays
74 Plays
Comments
Comments
Give Quiz Kudos
Give Quiz Kudos
-
- Ratings
hide this ad
Replay
Link that replays current quiz
Next Quiz
Link to next quiz in quiz playlist
You Got
0%
They Got
Avg Score
52%
Avg Friend Score
Upgrade to see
Score Distribution
Jump to the score distribution portion of the page
Score
0/180
Timer
20:00
0
Plays Today
Spiel
Strecke
% Correct
Super Mario Kart
Marios Piste 1
93%
Super Mario Kart
Marios Piste 4
93%
Super Mario Kart
Marios Piste 3
93%
Super Mario Kart
Marios Piste 2
93%
Mario Kart: Super Circuit
Marios Piste
93%
Mario Kart: Double Dash!!
Marios Piste
93%
Mario Kart DS
Marios Piste
93%
Mario Kart Wii
Marios Piste
93%
Mario Kart 7
Marios Piste
93%
Mario Kart 8
Marios Piste
93%
Super Mario Kart
Regenbogen-Boulevard
88.7%
Mario Kart 64
Regenbogen-Boulevard
88.7%
Mario Kart: Super Circuit
Regenbogen-Boulevard
88.7%
Mario Kart: Double Dash!!
Regenbogen-Boulevard
88.7%
Mario Kart DS
Regenbogen-Boulevard
88.7%
Mario Kart Wii
Regenbogen-Boulevard
88.7%
Mario Kart 7
Regenbogen-Boulevard
88.7%
Mario Kart 8
Regenbogen-Boulevard
88.7%
Super Mario Kart
Bowsers Festung 3
87.3%
Super Mario Kart
Bowsers Festung 2
87.3%
Super Mario Kart
Bowsers Festung 1
87.3%
Mario Kart 64
Bowsers Festung
87.3%
Mario Kart: Super Circuit
Bowsers Festung 1
87.3%
Mario Kart: Super Circuit
Bowsers Festung 2
87.3%
Mario Kart: Super Circuit
Bowsers Festung 4
87.3%
Mario Kart: Super Circuit
Bowsers Festung 3
87.3%
Mario Kart: Double Dash!!
Bowsers Festung
87.3%
Mario Kart DS
Bowsers Festung
87.3%
Mario Kart Wii
Bowsers Festung
87.3%
Mario Kart 7
Bowsers Festung
87.3%
Mario Kart 8
Bowsers Festung
87.3%
Mario Kart: Super Circuit
Luigis Piste
83.1%
Mario Kart: Double Dash!!
Luigis Piste
83.1%
Mario Kart Wii
Luigis Piste
83.1%
Super Mario Kart
Donut-Ebene 3
78.9%
Super Mario Kart
Donut-Ebene 2
78.9%
Super Mario Kart
Donut-Ebene 1
78.9%
Mario Kart: Double Dash!!
Yoshis Piste
69%
Mario Kart: Double Dash!!
Waluigi-Arena
67.6%
Mario Kart: Double Dash!!
Baby-Park
67.6%
Super Mario Kart
Geistertal 3
66.2%
Super Mario Kart
Geistertal 2
66.2%
Super Mario Kart
Geistertal 1
66.2%
Mario Kart 64
Marios Rennpiste
66.2%
Mario Kart 64
Wario-Arena
66.2%
Mario Kart 64
Sorbet-Land
66.2%
Mario Kart: Double Dash!!
Sorbet-Land
66.2%
Mario Kart DS
Wario-Arena
66.2%
Mario Kart Wii
Daisys Piste
66.2%
Mario Kart 64
Luigis Rennpiste
64.8%
Mario Kart DS
Luigi's Mansion
64.8%
Mario Kart DS
Achterpiste
63.4%
Mario Kart DS
Cheep Cheep-Strand
63.4%
Mario Kart Wii
Koopa-Kap
63.4%
Mario Kart: Double Dash!!
Peach Beach
62%
Mario Kart DS
Nintendo DS
62%
Mario Kart 64
Koopa-Strand
60.6%
Mario Kart: Double Dash!!
Daisys Dampfer
60.6%
Mario Kart Wii
Blätterwald
60.6%
Mario Kart 7
DK-Dschungel
60.6%
Spiel
Strecke
% Correct
Super Mario Kart
Koopa-Strand 2
59.2%
Super Mario Kart
Koopa-Strand 1
59.2%
Super Mario Kart
Schoko-Insel 2
59.2%
Super Mario Kart
Schoko-Insel 1
59.2%
Mario Kart: Double Dash!!
Pilz-Brücke
59.2%
Mario Kart Wii
Toads Fabrik
59.2%
Mario Kart 7
Toads Piste
59.2%
Mario Kart 7
Cheep Cheep-Bucht
59.2%
Mario Kart: Double Dash!!
DK Bergland
57.7%
Mario Kart DS
Yoshi-Kaskaden
57.7%
Mario Kart 64
Königliche Rennpiste
56.3%
Mario Kart: Super Circuit
Peachs Piste
56.3%
Mario Kart: Super Circuit
Käseland
56.3%
Mario Kart: Double Dash!!
Dinodino-Dschungel
56.3%
Mario Kart DS
Peachs Schlossgarten
56.3%
Mario Kart Wii
DK Skikane
56.3%
Mario Kart Wii
Kuhmuh-Weide
56.3%
Super Mario Kart
Kampfkurs 4
54.9%
Super Mario Kart
Kampfkurs 2
54.9%
Super Mario Kart
Kampfkurs 1
54.9%
Super Mario Kart
Kampfkurs 3
54.9%
Mario Kart: Super Circuit
Kampfkurs 4
54.9%
Mario Kart: Super Circuit
Kampfkurs 1
54.9%
Mario Kart: Super Circuit
Kampfkurs 2
54.9%
Mario Kart: Super Circuit
Kampfkurs 3
54.9%
Mario Kart: Double Dash!!
Wario-Kolosseum
54.9%
Mario Kart: Double Dash!!
Staubtrockene Wüste
54.9%
Mario Kart 8
Wario-Abfahrt
54.9%
Mario Kart: Super Circuit
Wolkenpiste
53.5%
Mario Kart: Double Dash!!
Pilz-City
53.5%
Mario Kart DS
Pilz-Pass
53.5%
Mario Kart DS
Glühheisse Wüste
53.5%
Super Mario Kart
Vanille-See 2
52.1%
Super Mario Kart
Vanille-See 1
52.1%
Mario Kart 64
Toads Autobahn
52.1%
Mario Kart: Double Dash!!
Nintendo GameCube
52.1%
Mario Kart DS
Waluigi-Flipper
52.1%
Mario Kart DS
DK Alpin
52.1%
Mario Kart 7
Wuhu-Bergland
52.1%
Mario Kart 8
Mario Kart-Stadion
52.1%
Mario Kart 64
Kalimari-Wüste
50.7%
Mario Kart DS
Piazzale Delfino
50.7%
Mario Kart: Super Circuit
Party-Straße
49.3%
Mario Kart DS
Fliegende Festung
49.3%
Mario Kart 8
Big Blue
49.3%
Mario Kart 64
Schoko-Sumpf
47.9%
Mario Kart Wii
Warios Goldmine
47.9%
Mario Kart Wii
Kokos-Promenade
47.9%
Mario Kart Wii
Staubtrockene Ruinen
47.9%
Mario Kart 7
Instrumentalpiste
47.9%
Mario Kart 7
Wuhu-Rundfahrt
47.9%
Mario Kart 8
Steinblock-Ruinen
47.9%
Mario Kart: Double Dash!!
Röhren-Platz
46.5%
Mario Kart DS
Ticktack-Trauma
46.5%
Mario Kart Wii
Mondblickstraße
46.5%
Mario Kart 7
Rosalinas Eisplanet
46.5%
Mario Kart 7
Shy Guys Basar
46.5%
Mario Kart 8
Mute City
46.5%
Mario Kart Wii
Pilz-Schlucht
45.1%
Mario Kart Wii
Vulkangrollen
45.1%
Spiel
Strecke
% Correct
Mario Kart 8
Hyrule-Piste
45.1%
Mario Kart 8
Discodrom
45.1%
Mario Kart 64
Kuhmuh-Farm
43.7%
Mario Kart 64
Yoshi-Tal
43.7%
Mario Kart 7
Röhrenraserei
43.7%
Mario Kart 7
Daisyhausen
43.7%
Mario Kart 8
Zuckersüßer Canyon
43.7%
Mario Kart 8
Sonnenflughafen
42.3%
Mario Kart 64
Spukpfad
40.8%
Mario Kart 64
Block-Fort
40.8%
Mario Kart: Double Dash!!
Keks-Land
40.8%
Mario Kart DS
Finstervilla
40.8%
Mario Kart 7
Wuhu-Stadt
40.8%
Mario Kart 64
Wolkenkratzer
39.4%
Mario Kart: Double Dash!!
Auf der Kippe
39.4%
Mario Kart DS
Süsse Torte
39.4%
Mario Kart DS
Palmenblatt
39.4%
Mario Kart 7
Warios Galeonenwrack
39.4%
Mario Kart 8
Excitebike-Stadion
39.4%
Mario Kart: Double Dash!!
Block-City
38%
Mario Kart: Double Dash!!
Luigis Villa
38%
Mario Kart 8
Toads Hafenstadt
38%
Mario Kart 8
Animal Crossing-Dorf
36.6%
Mario Kart 8
Wilder Wipfelweg
35.2%
Mario Kart 8
Wolkenstraße
33.8%
Mario Kart 8
Gruselwusel-Villa
33.8%
Mario Kart 8
Marios Metro
32.4%
Mario Kart Wii
Delfino-Pier
31%
Mario Kart 8 Deluxe
Kampfarena
31%
Mario Kart 64
Polar-Parcours
29.6%
Mario Kart 8
Delfinlagune
29.6%
Mario Kart 64
DKs Dschungelpark
28.2%
Mario Kart 7
Koopa-Großstadtfieber
28.2%
Mario Kart 8
Wasserpark
28.2%
Mario Kart 7
Honighallen
26.8%
Mario Kart 8 Deluxe
Mondkolonie
26.8%
Mario Kart: Super Circuit
Shy Guy-Strand
25.4%
Mario Kart Wii
Funky-Stadion
23.9%
Mario Kart: Super Circuit
Cheep-Cheep-Insel
22.5%
Mario Kart 8 Deluxe
Dekabahnstation
22.5%
Mario Kart 7
Gebirgspfad
22.5%
Mario Kart 8
Knochentrockene Dünen
22.5%
Mario Kart Wii
Kettenhund-Roulette
21.1%
Mario Kart: Super Circuit
Yoshi-Wüste
19.7%
Mario Kart 8 Deluxe
Zuckersüßes Schloss
19.7%
Mario Kart 8
Große Drachenmauer
18.3%
Mario Kart 8
Polarkreis-Parcours
18.3%
Mario Kart 8
Shy Guys Wasserfälle
18.3%
Mario Kart 8 Deluxe
Drachen-Palast
16.9%
Mario Kart: Super Circuit
Schneeland
15.5%
Mario Kart: Super Circuit
Sonnenuntergangs-Wüste
14.1%
Mario Kart: Super Circuit
Zerstörter Pfad
14.1%
Mario Kart 64
Riesendonut
12.7%
Mario Kart Wii
Block-Plaza
12.7%
Mario Kart: Super Circuit
Flussufer-Park
11.3%
Mario Kart 64
Doppel-Deck
9.9%
Mario Kart: Super Circuit
Buu Huu-Tal
9.9%
Mario Kart: Super Circuit
Seeufer-Park
8.5%
Mario Kart Wii
Steinwüste
8.5%
Mario Kart 7
Naschparadies
7%
Quiz Playlist
Details
Report
Send in Message
Add To Playlist
Classic:
Type in answers that appear in a list
Last Updated: Aug 25, 2017
Quiz Scoreboard
CHALLENGE
Sign Up to Join the Scoreboard
Show All
Scores
Hide
Comments
May contain spoilers
Recently Published
Find the 'City' Movie
by crazypaving
Movies
60s
5x2 Blitz: Bands
by SL_Kpop136
Music
30s
Colored Red Africa Blitz
by spor1
Geography
30s
More to Explore
Quiz From the Vault
Featured Blog Post
14 Easter Pick-up Lines to Find Eggs With
hide this ad
You Might Also Like...
Tags
Mario Kart
Today's Top Quizzes in Gaming
Browse Gaming
hide this ad
Today's Top Quizzes in Mario Kart
Browse Mario Kart
Top Contributed Quizzes in Gaming
1
Dead By Daylight Logic Puzzle
2
Destiny 2 exotic weapons by perk icons
3
League of Legends Pro Players by Career/Team History
4
Genshin Impact Logic Puzzle Quiz II
5
Windmill: Elements
6
Minecraft Typing Challenge
7
Pokémon Spelling Bee
8
Genshin murder mystery
9
Legendary or Exotic?
10
Overwatch 2: Ultimate Ability Icons
Explore More
Trending Topics
Crossword
Kpop
Anime
Disney
Harry Potter
NBA
Marvel
Puzzle
Song
Country
Pokémon
NFL
Soccer
WWE
The Office
hide this ad
More By:
alexanderstreube
Quiz
Plays
Rating
Category
Featured
Created
Fußball-Stadien
413
3.50
Sports
Jun 19, 2017
Kanto-Dex (deutsch)
328
Gaming
Apr 29, 2017
Spezielle Entwicklungen von Pokémon
324
Gaming
May 5, 2017
Johto-Dex (deutsch)
316
Gaming
Aug 3, 2017
Pokémon-Arenaleiter
292
Gaming
May 15, 2017
Go to Creator's Profile
Score Distribution
Quiz Creator Spotlight
alexanderstreube
Follow
Send a Message
Quizzes Created
-
Created Quiz Play Count
-
More By This Creator
Popular Quizzes Today
1
Colored Red Africa Blitz
2
Find the 'City' Movie
3
5x2 Blitz: Bands
4
Find the US States - No Outlines Minefield
5
The Countries of the World
6
Find the US States
7
US States
8
9x9 Crossword: Cartoon Network
More Gaming Quizzes
Crash Bandicoot: 1, 2 or 3? (Slideshow)
Editor's Pick
Trending Quizzes
Colored Red Europe Blitz I
Colored Red Africa Blitz II
Colored Red Africa Blitz III
Colored Red Europe Blitz III
Colored Red Europe Blitz II
Recently Updated
Champions League XIs: Real Madrid
pecheneg
Largest US Cities 1790-2010
pecheneg
Rides in Walt Disney World
pecheneg
Most Oscar Losses (Acting)
pecheneg
Beyoncé Albums
pecheneg
Leaping Animals
pecheneg
Reality TV Shows (A-Z)
bhenderson79
Rickey Henderson's Hall of Fame Teammates
pecheneg
Champions League XIs: Arsenal
pecheneg
Quick Pick: Celebrities in WWE's Hall of Fame
aduchscher
Trending Topics
NBA
Anime
Kpop
Disney
Harry Potter
Crossword
Marvel
Soccer
Country
The Office
NFL
Puzzle
WWE
Pokémon
Song
Your Account Isn't Verified!
In order to create a playlist on Sporcle, you need to verify the email address you used during registration. Go to your
Sporcle Settings
to finish the process.
Report this User
Report this user for behavior that violates our
Community Guidelines
.
Details:
Send Report
Go to the Sporcle.com Mobile Site →
Comments